000 00571nam a2200229Ia 4500
003 OSt
005 20221005131749.0
006 a|||||r|||| 00| 0
007 ta
008 221004b |||||||| |||| 00| 0 ben d
024 _a27470
037 _cTextual
040 _aCRL
_cCRL
_bben
041 _2ben
_aben
082 _aO157,3NRP,43, M8
100 _aRay Prafulla
_9594151
245 0 _aSudhaparabgar
260 _c1988
650 _aBENGALI LITERATURE
942 _hO157,3NRP,43, M8
_cTEXL
_2cc
999 _c1061318
_d1061318